Porušovanie ľudských práv a medzinárodné právo bakalárska práca

Na minha lista:
Detalhes bibliográficos
Autor principal: Brachnová, Adrienn
Autor Corporativo: Fakulta medzinárodných vzťahov EU. Katedra medzinárodného práva
Outros Autores: Hraníková Pyteľová, Klaudia, 1985-
Formato: Livro
Idioma:eslovaco
Publicado em: Bratislava 2022
Tags: Adicionar Tag
Sem tags, seja o primeiro a adicionar uma tag!

MARC

LEADER 00000nbm a2200000 4500
001 0285117
005 20230426080754.8
041 0 |a slo 
044 |a SK 
245 1 0 |a Porušovanie ľudských práv a medzinárodné právo  |b bakalárska práca  |c Adrienn Brachnová ; školiteľ: Klaudia Hraníková Pyteľová 
264 1 |a Bratislava  |c 2022 
300 |a 51 s. 
100 1 |a Brachnová, Adrienn 
700 1 |a Hraníková Pyteľová, Klaudia, 1985- 
710 2 |a Fakulta medzinárodných vzťahov EU. Katedra medzinárodného práva